Les 20 pays dont la surface forestière a diminué entre 1990 & 2020 - Statistiques

Statistiques générales
  • Ce quiz a été pris 26 fois
  • Le résultat moyen est 6 sur 20
Statistiques - réponses
Rang Pays % Correct
7 Indonésie
96%
6 Birmanie
43%
12 Nigeria
39%
4 Cambodge
35%
14 Guatemala
35%
1 Honduras
35%
8 Paraguay
35%
15 Tanzanie
35%
11 Cameroun
30%
2 Corée-du-Nord
30%
13 Nicaragua
30%
9 Ouganda
26%
3 Zimbabwe
26%
16 Belize
22%
18 Togo
22%
10 Bénin
17%
20 Guinée Bissau
13%
17 Guinée équatoriale
13%
5 Timor oriental
13%
19 Dominique
0%
Aucun quiz correspondant
Distribution des résultats
% des personnes avec chaque résultat
Percentile par nombre de réponses
Votre historique - résultats
Vous n’avez pas pris ce quiz